| 000 | 01117nam0a22002651 4500 | ||
|---|---|---|---|
| 001 | rc\2823947 | ||
| 005 | 20250529200328.0 | ||
| 035 | _a(NLR Aleph) 006982278 | ||
| 090 |
_a5543558 _c5543558 |
||
| 100 | _a20110623d1928 |||y0rusy50 ca | ||
| 101 | 0 | _arus | |
| 102 | _aRU | ||
| 105 | _ay z ||||| | ||
| 200 | 1 | _aНа Колесухе | |
| 210 |
_aМосква _cизд-во Всесоюзного о-ва политкаторжан и сс.-поселенцев _d1928 _gкнижная фабрика Центр. изд-ва народов СССР |
||
| 215 |
_a36 с. _d19х13 см |
||
| 225 | 1 |
_aДешевая библиотека журнала "Каторга и ссылка" _v1928 г. № 26 |
|
| 320 | _aБиблиогр.: "Амурская колесная дорога. Библиографическая справка" (17 назв.). Е. Никитина | ||
| 700 | 1 |
_aВасильев _bП.В. _f1885- _gПавел Владимирович |
|
| 702 | 1 |
_aНикитина _bЕ. _4340 |
|
| 801 | 0 |
_aRU _bNLR _gpsbo |
|
| 801 | 1 |
_aRU _bELAR _2rusmarc |
|
| 852 |
_aNLR _j41/4000(26) |
||
| 942 | _cBOOK | ||
| 980 | _aNB | ||